al-Saqqā māt (Record no. 46399)

MARC details
000 -LEADER
fixed length control field 00539cam a22002051 4500
001 - CONTROL NUMBER
control field ne 63002284
003 - CONTROL NUMBER IDENTIFIER
control field DLC
005 - DATE AND TIME OF LATEST TRANSACTION
control field 20260227111752.0
008 - FIXED-LENGTH DATA ELEMENTS--GENERAL INFORMATION
fixed length control field 900507s1962 ua a 000 1 arar
010 ## - LIBRARY OF CONGRESS CONTROL NUMBER
LC control number ne 63002284
025 ## - OVERSEAS ACQUISITION NUMBER
Overseas acquisition number PL480:UAR-3072
035 ## - SYSTEM CONTROL NUMBER
System control number (OCoLC)21488596
040 ## - CATALOGING SOURCE
Original cataloging agency DLC
Transcribing agency WaU
Modifying agency DLC
042 ## - AUTHENTICATION CODE
Authentication code premarc
050 00 - LIBRARY OF CONGRESS CALL NUMBER
Classification number PJ7862.I23
Item number S3
100 1# - MAIN ENTRY--PERSONAL NAME
Personal name Sibāʻī, Yūsuf.
245 13 - TITLE STATEMENT
Title al-Saqqā māt
Statement of responsibility, etc. [taʼlīf] Yūsuf al-Sibāʻī.
260 ## - PUBLICATION, DISTRIBUTION, ETC.
Place of publication, distribution, etc. Miṣr,
Name of publisher, distributor, etc. al-khānjī
Date of publication, distribution, etc. [1962?]
300 ## - PHYSICAL DESCRIPTION
Extent 486 p.
Other physical details illus.
Dimensions 20 cm.

No items available.

Powered by Koha